The Central Provinces and Berar Local Government Act, 1948 (XXXVIII of 1948) (Record no. 488712)

000 -LEADER
fixed length control field 00383cam a22001097a 4500
008 - FIXED-LENGTH DATA ELEMENTS--GENERAL INFORMATION
fixed length control field 180718b1950 xxu||||| |||| 00| 0 eng d
082 ## - DEWEY DECIMAL CLASSIFICATION NUMBER
Classification number B7303x5422 M264
100 ## - MAIN ENTRY--PERSONAL NAME
Personal name Government of Madhya Pradesh
245 ## - TITLE STATEMENT
Title The Central Provinces and Berar Local Government Act, 1948 (XXXVIII of 1948)
Statement of responsibility, etc. by Government of Madhya Pradesh
260 ## - PUBLICATION, DISTRIBUTION, ETC.
Place of publication, distribution, etc. Nagpur
Name of publisher, distributor, etc. Government Printing
Date of publication, distribution, etc. 1950
300 ## - PHYSICAL DESCRIPTION
Extent 75p.
Holdings
Withdrawn status Lost status Damaged status Not for loan Permanent Location Current Location Date acquired Full call number Barcode Date last seen Price effective from Koha item type
        Indian Institute of Public Administration Indian Institute of Public Administration 2018-08-04 B7303x5422 M264 GG32531 2018-08-04 2018-08-04 GG

Powered by Koha